Snel Rekenen - Worteltrekken! - Statistieken

Algemene statistieken
  • Deze quiz is 1.118 keer genomen
  • De gemiddelde score is 13 van 20
Antwoordstatistieken
Probleem Oplossing % Correct
1 1
96%
4 2
96%
81 9
96%
64 8
95%
9 3
94%
16 4
93%
25 5
93%
49 7
93%
100 10
92%
36 6
92%
144 12
90%
400 20
88%
121 11
86%
1600 40
84%
169 13
82%
225 15
81%
900 30
81%
2500 50
81%
3600 60
79%
196 14
78%
256 16
76%
625 25
72%
289 17
71%
324 18
65%
441 21
65%
576 24
62%
361 19
61%
529 23
59%
729 27
59%
484 22
58%
676 26
57%
841 29
57%
961 31
56%
1024 32
56%
1225 35
56%
784 28
54%
1296 36
52%
1089 33
48%
1521 39
48%
2025 45
48%
2116 46
48%
1369 37
47%
2304 48
46%
2601 51
46%
3025 55
46%
3136 56
46%
1156 34
45%
2704 52
45%
2809 53
45%
3364 58
45%
3481 59
45%
1764 42
44%
1849 43
44%
1681 41
43%
1936 44
43%
2401 49
43%
3249 57
43%
1444 38
41%
2916 54
40%
2209 47
37%
Geen overeenkomende quizzen gevonden
Scoreverdeling
Procent van Mensen met Elke Score
Percentiel versus Aantal Correcte Antwoorden
Uw Scoregeschiedenis
U heeft deze quiz nog niet genomen